000 00423nam a2200145 4500
005 20260323130123.0
008 260323b |||||||| |||| 00| 0 eng d
020 _a0340600829
100 _a Coolican Hugh
245 _aResearch Methods and Statistics in Psychology
_c/ Hugh Coolican
250 _a2nd ed
260 _aBritain;
_bHodder & Stoughton Educational;
_c1994
300 _axii, 499p.ill;
_c24.5cm
942 _2lcc
_n0
_cBK
999 _c193
_d193